02045nam a2200241Ia 4500001000600000003000900006008004100015040001300056040001300069041001300082100002300095100002900118245005400147245005400201250001100255260000900266260001200275260004900287300005700336500135500393650002401748650003101772H5603IT-RoPAU130308s9999 xx 000 0 und d aIT-RoPAU cIT-RoPAU aITALIANO aFontanille Jacques gCodice Aut. SPICS: 11748 aFigure del corpo. per una semiotica dell'impronta bFigure del Corpo. per una Semiotica dell'Impronta a1a ed. aROMA bMeltemi c2004 [1° Ed.:2004 - Ed.Ling.Originale:2004] a"432 p. (prefazione: no ; testo: 432 [pagine: 0-0])" a"Note Traduttive e Precisazioni Terminologiche. Corpo, Segno, Senso. I Corpo Attante: Corpo e Semiosi; Dalla Figura All'Icona Attanziale;Ripoduzione Atto e Schematizzazione Narrativa; Corpi, tensioni e Conversioni. Ii Lapsus:Approcci e problematiche Linguistiche; Appricci Psicanalitici; Modello istanze Discorsive, Avatar di Ego. III Accidente Coprorale, Androgino Strampalato, Curioso Lapsus Filmico in passion di Godard: Dati Problema; Dalla Dissociazione Alla Disapprovazione; Dall'Estetica Dissociazione a Accidente. Iv Modi e campi Sensibile: Diversificazione Modi Sensibile, Sensomotricita'; Autonomia Dimensione Figurativa; Principi comuni Organizzazione. V figure semiotiche Corpo, Involucro e carne Mobile: Dall'Adiuvante All'Attante; Movimento e Involucro, Antinomia o Complementarieta'; carne Mobile; Movimento Esemiosi. VI Macchine, Protesi e Impronte, Corpo Postmoderno, su Marcel Duchamp: Dall'Arte concettuale All'Impronta; Corpo Femminile; Impronta e Firma. VII Modello Orologio e Corpo Macchina, su Paul Claudel. VIII memorie Figurative e Sensoriali. Ix impressioni Proustiane: icone Attanziali; Movimento e Riproduzione. X Membrana Traslucida, Aisthesis Koine' e Memoria luminosa in L'Elemento del Crimine di Lars Von Trier. XI Quando Corpo Testimonia, Approccio Semiotico Reportage. XII Oggetto e Impronta Uso. Semiotica Impront" aSAGGI DI SEMIOLOGIA eCodice materia Spics: 3257